Title In The Lyrics - Kanye West - Statistics

General Stats
  • This quiz has been taken 1,113 times
  • The average score is 11 of 18
Answer Stats
Title % Correct
N-Now-Now that, that don't kill me / Can only make me {stronger}
96%
Now, I ain't sayin' she a {gold} {digger} / But she ain't messin' with no broke n*****
94%
No one man should have all that {power} / The clock’s ticking, I just count the hours
90%
Baby, I got a plan / {Run} {away} fast as you can
89%
Somewhere far along this road / He lost his soul to a woman so {heartless}
87%
Come up in the spot lookin' extra fly / 'Fore the day I die, I'ma {touch} {the} {sky}
85%
Excuse me, was you saying something? / Uh-uh, you {can't} {tell} {me} {nothing}
79%
Oh, when it all, it {all} {falls} {down} / And when it {falls} {down}, who you gon' call now?
79%
I wish I could / Buy me a {spaceship} and fly / Past the sky
62%
I wanna go to the {moon}, don't leave so soon
59%
We on an {ultralight} {beam} / This is a God dream
58%
You know what I need, want you to see everything / Want you to see {all} {of} {the} {lights}
43%
And {I} {wonder} if you know / What it means, what it means
40%
Cover Nori in lambs' wool / We surrounded by the f****n' {wolves}
37%
{I} {am} {a} {god} / Hurry up with my damn massage
33%
I can {hold} {my} {liquor} / But this man can't handle his weed / Dark and lonely now
27%
{Waves} don't die / Let me crash here for the moment / I don't need to own it / No lie
23%
Now keep your {love} {lockdown}, your {love} {lockdown} / Now keep your {love} {lockdown}, you lose
20%
No matching quizzes found
Score Distribution
Percent of People with Each Score
Percentile by Number Answered
Your Score History
You have not taken this quiz